Statistics for Top 100 Airlines

Click here to take the quiz!

General Stats

  • This quiz has been taken 919 times
  • The average score is 48 of 98

Answer Stats

CountryAirline Name% Correct
United Arab EmiratesEmirates
94%
SingaporeSingapore Airlines
90%
GermanyLufthansa
89%
QatarQatar Airways
89%
CanadaAir Canada
86%
FranceAir France
86%
AustraliaQantas Airways
86%
United StatesDelta Airlines
85%
United StatesAmerican Airlines
84%
ThailandThai Airways
83%
NetherlandsKLM
82%
JapanJapan Airlines
81%
TurkeyTurkish Airlines
81%
United KingdomBritish Airways
80%
ChinaAir China
77%
SwitzerlandSwiss Int'l Air Lines
77%
RussiaAeroflot
76%
United Arab EmiratesEtihad Airways
76%
Hong KongCathay Pacific
74%
South KoreaKorean Air
74%
New ZealandAir New Zealand
72%
ChinaChina Southern
71%
FinlandFinnair
71%
SpainIberia
71%
IrelandRyanair
71%
JapanAll Nippon Airways
70%
AustriaAustrian
67%
IrelandAer Lingus
66%
EthiopiaEthiopian Airlines
66%
ChinaChina Eastern
65%
United StatesSouthwest Airlines
65%
PolandLOT Polish
64%
PortugalTAP Air Portugal
63%
ItalyAlitalia
62%
United StatesUnited Airlines
62%
ChileLATAM
61%
SwedenScandinavian Airlines
59%
NorwayNorwegian
58%
MexicoAeromexico
57%
United KingdomeasyJet
56%
IndonesiaGaruda Indonesia
56%
TaiwanChina Airlines
55%
South KoreaAsiana Airlines
54%
MalaysiaMalaysia Airlines
54%
MalaysiaAirAsia
53%
TaiwanEVA Air
53%
IcelandIcelandair
53%
OmanOman Air
52%
GreeceAegean Airlines
50%
United StatesjetBlue Airways
50%
South AfricaSouth African Airways
50%
United KingdomVirgin Atlantic
50%
CanadaWestJet
50%
United StatesAlaska Airlines
49%
VietnamVietnam Airlines
49%
AustraliaVirgin Australia
48%
BelgiumBrussels Airlines
47%
BahrainGulf Air
41%
KenyaKenya Airways
40%
MaltaAir Malta
39%
MauritiusAir Mauritius
39%
FijiFiji Airways
36%
MoroccoRoyal Air Maroc
35%
Sri LankaSriLankan Airlines
35%
ChinaHainan Airlines
34%
KazakhstanAir Astana
33%
GermanyEurowings
33%
United StatesHawaiian Airlines
33%
IndiaIndiGo
33%
BruneiRoyal Brunei Airlines
33%
SingaporeScoot
32%
SeychellesAir Seychelles
31%
Hong KongHong Kong Airlines
31%
PhilippinesPhilippine Airlines
31%
GermanyAir Berlin
29%
AzerbaijanAzerbaijan Airlines
29%
PanamaCopa Airlines
29%
RussiaS7 Airlines
28%
SpainVueling
27%
ThailandBangkok Airways
24%
BrazilAzul Brazilian
23%
IndiaJet Airways
22%
CanadaAir Transat
21%
SingaporeSilkAir
19%
ChinaXiamen Airlines
19%
Hong KongCathay Dragon
18%
United KingdomTUI Airways
17%
SingaporeTigerair
16%
United StatesVirgin America
16%
MalaysiaAirAsia X
14%
CanadaAir Canada Rouge
12%
JapanPeach
12%
CanadaPorter Airlines
12%
AustraliaJetstar Airways
10%
SingaporeJetstar Asia
8%
SpainAir Nostrum
6%
ChinaJuneyao Airlines
6%
United StatesAmerican Eagle Airlines
5%

Score Distribution

Percentile by Number Answered

Percent of People with Each Score

Your Score History

You have not taken this quiz